=LDR 00000nam 2200000 4500 =001 INLIS000000000040943 =005 20240830042705 =035 ##$$a 0010-061300000040943 =008 240830################g##########0#ind## =041 ##$$a ind =082 ##$$a 741.5 =090 ##$$a 741.5, Sal n =100 ##$$a Salma, Sergio =245 1#$$a Nathalie : Juara dunia /$c Sergio Salma; alih bahasa, Dyah M. Armaya; Editor, Dini pandia =260 ##$$a Jakarta :$b Gramedia Utama,$c 2010 =300 ##$$a 48 Hlm. : $b ilus. ; $c 24 x 17 cm. =650 #4$$a KOMIK - BACAAN =700 #$$a Dyah M. Armaya =850 ##$$a NBPNMAT =020 ##$$a 978-979-22-5803-5 =084 ##$$a 741.5 SAL n =990 ##$$a 21101088 =990 ##$$a 0001/BPAP-NTB/20142014 =990 ##$$a 21113260 =990 ##$$a 21101089 =990 ##$$a 21101088 =990 ##$$a 0001/BPAP-NTB/20142014 =990 ##$$a 21113260 =990 ##$$a 21101089